000 00321nam a2200121Ia 4500
008 231129s1976||||xx |||||||||||||| ||spa||
082 _aHAJ- 0305
100 _aHite Shere
245 0 _aEl informe Hite; estudio de la sexualidad femenina
260 _c1976
264 _aBogotá: Plaza & Janés 1976
942 _2ddc
_cBKS
999 _c11360
_d11360